Longest Waits between 2 Champions League / European Cup Titles - Statistics

General Stats
  • This quiz has been taken 8 times
  • The average score is 25 of 33
Answer Stats
Club Year Won Last Time Won Years Waited % Correct
Bayern Munich 1976 2001 25
100%
Bayern Munich 2001 2013 12
100%
Liverpool 1984 2005 21
100%
Manchester United 1968 1999 31
100%
Porto 1987 2004 17
100%
Real Madrid 2000 2014 12
100%
AC Milan 1969 1989 20
86%
Ajax 1973 1995 22
86%
Barcelona 1992 2006 14
86%
Inter Milan 2010 1965 45
86%
Real Madrid 1998 1966 32
86%
1966
71%
1968
71%
1973
71%
1976
71%
1984
71%
1992
71%
1998
71%
1999
71%
2001
71%
2001
71%
2002
71%
2004
71%
2005
71%
2006
71%
2010
71%
1965
57%
1969
57%
1987
57%
1989
57%
1995
57%
2013
57%
2014
57%
No matching quizzes found
Score Distribution
Percent of People with Each Score
Percentile by Number Answered
Your Score History
You have not taken this quiz